000 00552nam a2200181 a 4500
005 20221028063434.0
008 991125s1936 mx 000 0 spa u
035 _aUPN01000035779
049 _aCG
050 4 _aHN116
_bR3.4 1936
100 1 _aRamos Pedrueza, Rafael,
_d1897-1943
_929915
245 1 0 _aLucha de clases a través de la historia de México :
_bensayo marxista /
_cRafael Ramos Pedrueza.
250 _a2a ed.
260 _aMéxico :
_bRevista Lux,
_c1936.
300 _av.
650 4 _aCONFLICTO SOCIAL -
_zMEXICO
_910204
905 _aLibro
999 _c35779
_d35779